[Event "Titled Tuesday intern op 14th April"]
[Site "Chess.com INT"]
[Date "2020.04.14"]
[Round "9"]
[White "Nader, Arthur"]
[Black "Gretarsson, Helgi Ass"]
[Result "0-1"]
[WhiteElo "2520"]
[BlackElo "2401"]
[PlyCount "124"]
[EventDate "2020.04.14"]
[EventType "swiss (blitz)"]
[EventRounds "10"]
[EventCountry "USA"]
[SourceTitle "EXT 2021"]
[Source "ChessBase"]
[SourceDate "2020.10.23"]
[SourceVersion "1"]
[SourceVersionDate "2020.10.23"]
[SourceQuality "1"]

1. e4 g6 2. d4 Bg7 3. Nc3 d6 4. Be3 a6 5. Qd2 b5 6. Bd3 Nd7 7. Nf3 Bb7 8. a4 b4 9. Ne2 c5 10. d5 Bxb2 11. 0-0 Bxa1 12. Rxa1 Ngf6 13. h4 h5 14. Ng3 Ng4 15. Bf4 Qc7 16. a5 Rb8 17. Bc4 Nde5 18. Bxe5 Nxe5 19. Nxe5 dxe5 20. Qg5 Qd6 21. Ne2 Bc8 22. f4 f6 23. Qxg6+ Kd8 24. Qg7 Re8 25. f5 Kc7 26. Qh6 Bd7 27. Qxh5 Rh8 28. Qg4 Rbg8 29. Qh3 Be8 30. Kf2 Bh5 31. Rh1 Rg4 32. Qe3 Rhg8 33. g3 Rh8 34. Rg1 Kb7 35. Nc1 Rc8 36. Nd3 Rgg8 37. Nb2 Qd7 38. Rb1 Qc7 39. d6 exd6 40. Bd5+ Ka7 41. Nc4 Bf7 42. Bxf7 Qxf7 43. Nxd6 Qa2 44. Rd1 Qxc2+ 45. Rd2 Qa4 46. Nxc8+ Rxc8 47. Rd6 Qxa5 48. Qh6 Qc7 49. Qxf6 Qb7 50. Qe6 Rc7 51. f6 b3 52. Rxa6+ Qxa6 53. Qxb3 Qxf6+ 54. Kg2 Rf7 55. Qa3+ Kb7 56. Qb2+ Kc7 57. Qe2 Qd6 58. Kh3 Qe6+ 59. Kg2 c4 60. Qe3 Kd7 61. Qc5 Ke8 62. Qc8+ Qxc8 0-1

[Event "Titled Tuesday intern op 14th April"]
[Site "Chess.com INT"]
[Date "2020.04.14"]
[Round "6"]
[White "Nader, Arthur"]
[Black "Stany, George Anthony"]
[Result "0-1"]
[WhiteElo "2510"]
[BlackElo "2522"]
[PlyCount "116"]
[EventDate "2020.04.14"]
[EventType "swiss (blitz)"]
[EventRounds "10"]
[EventCountry "USA"]
[SourceTitle "EXT 2021"]
[Source "ChessBase"]
[SourceDate "2020.10.23"]
[SourceVersion "1"]
[SourceVersionDate "2020.10.23"]
[SourceQuality "1"]

1. e4 c5 2. Nc3 Nc6 3. g3 g6 4. Bg2 Bg7 5. Nge2 d6 6. d3 e5 7. Nd5 Nge7 8. Nec3 0-0 9. Bg5 f6 10. Be3 Nd4 11. Qd2 Bg4 12. Bxd4 cxd4 13. Nxe7+ Qxe7 14. Nd5 Qf7 15. f4 Be6 16. 0-0-0 f5 17. Kb1 fxe4 18. dxe4 Bxd5 19. exd5 exf4 20. Rhf1 g5 21. h4 Qh5 22. hxg5 f3 23. Bh1 Rae8 24. Rde1 Rxe1+ 25. Qxe1 Be5 26. g4 Qxg4 27. Qd1 Qxg5 28. Rg1 Bg3 29. Bxf3 Kh8 30. Qd3 Qf4 31. a3 Qxf3 32. Rxg3 Qxd3 33. Rxd3 Rf4 34. Rg3 h5 35. Ka2 Kh7 36. Kb3 h4 37. Rh3 Kg6 38. c4 dxc3 39. bxc3 Kg5 40. c4 Kg4 41. Rh1 h3 42. c5 dxc5 43. Rg1+ Kf3 44. d6 Rd4 45. Rg6 h2 46. Rh6 Kg2 47. Rg6+ Kh3 48. Rh6+ Kg3 49. Rg6+ Rg4 50. Rxg4+ Kxg4 51. d7 h1Q 52. d8Q Qc6 53. a4 Qb6+ 54. Qxb6 axb6 55. Kc4 Kf5 56. Kb3 Ke4 57. Kc4 Ke5 58. Kc3 Kd5 0-1

[Event "Titled Tuesday intern op 7th April"]
[Site "Chess.com INT"]
[Date "2020.04.07"]
[Round "8"]
[White "Nader, Arthur"]
[Black "Kashlinskaya, Alina"]
[Result "0-1"]
[WhiteElo "2480"]
[BlackElo "2494"]
[PlyCount "140"]
[EventDate "2020.04.07"]
[EventType "swiss (blitz)"]
[EventRounds "10"]
[EventCountry "USA"]
[SourceTitle "EXT 2021"]
[Source "ChessBase"]
[SourceDate "2020.10.23"]
[SourceVersion "1"]
[SourceVersionDate "2020.10.23"]
[SourceQuality "1"]

1. e4 e5 2. Nf3 Nc6 3. Bc4 Nf6 4. d3 Be7 5. c3 0-0 6. 0-0 d6 7. Re1 Na5 8. Bb5 a6 9. Ba4 b5 10. Bc2 c5 11. Nbd2 Bb7 12. Nf1 Re8 13. Ng3 g6 14. Bh6 Ng4 15. Bd2 Bf8 16. h3 Nf6 17. Qc1 Nc6 18. Bh6 Qe7 19. Bxf8 Qxf8 20. Qd2 Qg7 21. a4 b4 22. Bb3 h6 23. a5 Bc8 24. Bc4 Be6 25. Bxe6 fxe6 26. d4 exd4 27. cxd4 Rad8 28. Qd3 Nd7 29. Qxa6 Nxd4 30. Nxd4 Qxd4 31. Rad1 Qxb2 32. Rxd6 Rf8 33. Re2 Qc1+ 34. Kh2 Nf6 35. Rxd8 Rxd8 36. Qxe6+ Kf8 37. Qxf6+ Ke8 38. Qe6+ Kf8 39. Qf6+ Ke8 40. Qxg6+ Kd7 41. Nf5 Qf4+ 42. g3 Qc7 43. Qf7+ Kc8 44. Qxc7+ Kxc7 45. Ne3 Kc6 46. Rc2 Kb5 47. e5 b3 48. Rb2 c4 49. Nxc4 Kxc4 50. a6 Ra8 51. g4 Rxa6 52. Kg3 Kc3 53. Rb1 b2 54. Kh4 Kc2 55. Rxb2+ Kxb2 56. f4 Kc3 57. Kh5 Kd4 58. f5 Kxe5 59. h4 Rb6 60. g5 hxg5 61. Kxg5 Rb1 62. h5 Rg1+ 63. Kh6 Kf6 64. Kh7 Rg7+ 65. Kh6 Rg4 66. Kh7 Kxf5 67. h6 Kf6 68. Kh8 Kg6 69. h7 Ra4 70. Kg8 Ra8# 0-1

[Event "Titled Tuesday intern op1 3rd March"]
[Site "Chess.com INT"]
[Date "2020.03.03"]
[Round "2"]
[White "Korpa, Bence"]
[Black "Nader, Arthur"]
[Result "0-1"]
[WhiteElo "2546"]
[BlackElo "2605"]
[PlyCount "64"]
[EventDate "2020.03.03"]
[EventType "swiss (blitz)"]
[EventRounds "10"]
[EventCountry "USA"]
[SourceTitle "EXT 2021"]
[Source "ChessBase"]
[SourceDate "2020.10.23"]
[SourceVersion "1"]
[SourceVersionDate "2020.10.23"]
[SourceQuality "1"]

1. Nf3 Nf6 2. b3 g6 3. Bb2 Bg7 4. g3 0-0 5. c4 b6 6. Bg2 Bb7 7. d4 d5 8. cxd5 Bxd5 9. 0-0 Bb7 10. Nc3 e6 11. Rc1 Na6 12. Qc2 Rc8 13. Rfd1 Qe7 14. Nb5 Nb4 15. Qd2 a6 16. Ba3 c5 17. dxc5 Ne4 18. Qxb4 bxc5 19. Qa5 axb5 20. Qxb5 Nc3 21. Rxc3 Bxc3 22. Rd7 Ba6 23. Qa4 Qe8 24. Ng5 Bg7 25. Ne4 Ra8 26. Qc6 Bxe2 27. Bxc5 Rc8 28. Qa4 Ra8 29. Qc6 Ra6 30. Qc7 Bb5 31. h4 Qxd7 32. Qf4 Rc8 0-1

[Event "Titled Tuesday intern op 3rd March"]
[Site "Chess.com INT"]
[Date "2020.03.03"]
[Round "7"]
[White "Nader, Arthur"]
[Black "Asgarizadeh, Ahmad"]
[Result "1-0"]
[WhiteElo "2603"]
[BlackElo "2452"]
[PlyCount "111"]
[EventDate "2020.03.03"]
[EventType "swiss (blitz)"]
[EventRounds "10"]
[EventCountry "USA"]
[SourceTitle "EXT 2021"]
[Source "ChessBase"]
[SourceDate "2020.10.23"]
[SourceVersion "1"]
[SourceVersionDate "2020.10.23"]
[SourceQuality "1"]

1. e4 e5 2. Nf3 Nc6 3. Bc4 Bc5 4. c3 Nf6 5. d3 d6 6. Bb3 a6 7. 0-0 h6 8. Nbd2 Ba7 9. Re1 0-0 10. Nf1 Re8 11. Ng3 Be6 12. h3 d5 13. Bc2 Qd7 14. exd5 Bxd5 15. b4 Rad8 16. a4 b5 17. Nh4 Be6 18. Qf3 Nd5 19. Nhf5 f6 20. d4 exd4 21. Bxh6 gxh6 22. Nxh6+ Kf8 23. Nh5 Qe7 24. Bf5 Rd6 25. Qg3 Ne5 26. Bxe6 Qh7 27. Bxd5 Qxh6 28. Qg8+ Ke7 29. Rxe5+ fxe5 30. Qf7+ Kd8 31. Ng7 Qh8 32. Nxe8 Qxe8 33. Qxe8+ Kxe8 34. Bb3 dxc3 35. axb5 Rd2 36. bxa6 Rb2 37. Ba4+ Ke7 38. Rc1 Bxf2+ 39. Kh1 Rxb4 40. Bc6 Bd4 41. a7 Bxa7 42. Rxc3 Bd4 43. Rf3 Kd6 44. Be4 c5 45. h4 c4 46. h5 c3 47. h6 Rb8 48. h7 Ke7 49. Rg3 Kf7 50. Bd5+ Kf6 51. Rg8 Rb1+ 52. Kh2 Bg1+ 53. Kh3 c2 54. h8Q+ Kf5 55. Rf8+ Kg5 56. Qg7+ 1-0

[Event "Titled Tuesday intern op1 3rd March"]
[Site "Chess.com INT"]
[Date "2020.03.03"]
[Round "8"]
[White "Nader, Arthur"]
[Black "Asgarizadeh, Ahmad"]
[Result "0-1"]
[WhiteElo "2630"]
[BlackElo "2452"]
[PlyCount "72"]
[EventDate "2020.03.03"]
[EventType "swiss (blitz)"]
[EventRounds "10"]
[EventCountry "USA"]
[SourceTitle "EXT 2021"]
[Source "ChessBase"]
[SourceDate "2020.10.23"]
[SourceVersion "1"]
[SourceVersionDate "2020.10.23"]
[SourceQuality "1"]

1. e4 d6 2. d4 g6 3. Nc3 Bg7 4. Be3 c6 5. a4 Nf6 6. h3 0-0 7. g4 Na6 8. Bg2 c5 9. d5 e6 10. Nge2 exd5 11. exd5 Re8 12. 0-0 Nb4 13. Qd2 h5 14. g5 Nd7 15. f4 Nb6 16. b3 Bf5 17. Rac1 Nxc2 18. Bf2 Nb4 19. Ng3 Bd3 20. Rfe1 Qd7 21. a5 Rxe1+ 22. Rxe1 Nc8 23. Re3 Bc2 24. Nce4 h4 25. Ne2 Ne7 26. Nf6+ Bxf6 27. gxf6 Nf5 28. Rc3 Re8 29. Rxc2 Nxc2 30. Qxc2 Qb5 31. Nc3 Qxa5 32. Ne4 Qa1+ 33. Kh2 a5 34. Bf3 b5 35. Bg4 Nd4 36. Qd2 Rxe4 0-1

[Event "Titled Tuesday intern op1 3rd March"]
[Site "Chess.com INT"]
[Date "2020.03.03"]
[Round "9"]
[White "Novikov, Evgenij"]
[Black "Nader, Arthur"]
[Result "1-0"]
[WhiteElo "2276"]
[BlackElo "2620"]
[PlyCount "79"]
[EventDate "2020.03.03"]
[EventType "swiss (blitz)"]
[EventRounds "10"]
[EventCountry "USA"]
[SourceTitle "EXT 2021"]
[Source "ChessBase"]
[SourceDate "2020.10.23"]
[SourceVersion "1"]
[SourceVersionDate "2020.10.23"]
[SourceQuality "1"]

1. e4 e5 2. f4 d5 3. exd5 exf4 4. Nf3 Nf6 5. d4 c6 6. Bxf4 cxd5 7. Bd3 Bd6 8. Ne5 0-0 9. 0-0 Qb6 10. Kh1 Qxb2 11. Nd2 Qxd4 12. Nb3 Qb6 13. Qf3 Nbd7 14. Ng4 Nxg4 15. Qxg4 Nf6 16. Qh4 Bxf4 17. Rxf4 h6 18. Raf1 Ne4 19. Bxe4 dxe4 20. Rxe4 Be6 21. Nd4 Rae8 22. Rfe1 Bd7 23. Qf2 Rxe4 24. Rxe4 Re8 25. Rxe8+ Bxe8 26. h3 a5 27. c3 a4 28. Kh2 a3 29. Qe3 Bc6 30. Qf4 Bd5 31. Nf5 Qf6 32. Qg4 Be6 33. Nxh6+ Qxh6 34. Qa4 Qf4+ 35. Qxf4 Kf8 36. Qb8+ Ke7 37. Qxb7+ Kf6 38. Qa7 Kg6 39. Qxa3 Bxa2 40. Qxa2 1-0

[Event "Titled Tuesday intern op1 3rd March"]
[Site "Chess.com INT"]
[Date "2020.03.03"]
[Round "7"]
[White "Ramirez Alvarez, Alejandro"]
[Black "Nader, Arthur"]
[Result "0-1"]
[WhiteElo "2567"]
[BlackElo "2635"]
[PlyCount "108"]
[EventDate "2020.03.03"]
[EventType "swiss (blitz)"]
[EventRounds "10"]
[EventCountry "USA"]
[SourceTitle "EXT 2021"]
[Source "ChessBase"]
[SourceDate "2020.10.23"]
[SourceVersion "1"]
[SourceVersionDate "2020.10.23"]
[SourceQuality "1"]

1. d4 Nf6 2. c4 g6 3. Nc3 Bg7 4. e4 d6 5. Nf3 0-0 6. Be2 e5 7. 0-0 Nc6 8. d5 Ne7 9. b4 Nh5 10. Re1 f5 11. Ng5 Nf6 12. Bf3 h6 13. Ne6 Bxe6 14. dxe6 c6 15. Bb2 fxe4 16. Nxe4 Nxe4 17. Bxe4 d5 18. cxd5 cxd5 19. Bc2 Qb6 20. Bxe5 Bxe5 21. Rxe5 Rxf2 22. Kh1 Raf8 23. Re1 Qd6 24. Bd3 Qf4 25. Qc1 Qd4 26. Bf1 Rd2 27. Qc7 Qg4 28. Qg3 Qxg3 29. hxg3 Rd4 30. a3 Rc8 31. Kh2 Kg7 32. Bb5 Kf6 33. Bd7 Rc2 34. Rf1+ Ke5 35. Rae1+ Kd6 36. Ba4 Rc3 37. Rf8 Re4 38. Rxe4 dxe4 39. Bd7 e3 40. Rf1 e2 41. Re1 Re3 42. Kg1 Nf5 43. Kf2 Re5 44. g4 Nd4 45. Bc8 Nxe6 46. Rxe2 Rxe2+ 47. Kxe2 b6 48. Kd3 Nf4+ 49. Kc4 Nxg2 50. Kb5 Kc7 51. Be6 Nf4 52. Bf7 h5 53. gxh5 gxh5 54. Kc4 h4 0-1

[Event "Titled Tuesday intern op 4th Febr"]
[Site "Chess.com INT"]
[Date "2020.02.04"]
[Round "2"]
[White "Nader, Arthur"]
[Black "Hellers, Ferdinand"]
[Result "1-0"]
[WhiteElo "2257"]
[BlackElo "2592"]
[PlyCount "55"]
[EventDate "2020.02.04"]
[EventType "swiss (blitz)"]
[EventRounds "10"]
[EventCountry "USA"]
[SourceTitle "EXT 2021"]
[Source "ChessBase"]
[SourceDate "2020.10.23"]
[SourceVersion "1"]
[SourceVersionDate "2020.10.23"]
[SourceQuality "1"]

1. e4 e5 2. Nf3 Nf6 3. Nc3 Nc6 4. a3 Bc5 5. Nxe5 Nxe5 6. d4 Bd6 7. f4 Ng6 8. e5 Be7 9. f5 Nf8 10. exf6 Bxf6 11. Bc4 c6 12. 0-0 d5 13. Re1+ Be7 14. Bg5 f6 15. Qh5+ g6 16. Nxd5 cxd5 17. fxg6 Nxg6 18. Bxf6 dxc4 19. Bxe7 Qxd4+ 20. Kh1 Kf7 21. Bb4 Bg4 22. Re7+ Kg8 23. Qg5 Rf8 24. Rae1 Qf6 25. Qd5+ Rf7 26. Rxf7 Qxf7 27. Re8+ Kg7 28. Bc3+ 1-0